header

Ordinary poverty (Record no. 238937)

MARC details
000 -LEADER
fixed length control field 01589nam a22004214a 4500
082 04 - DEWEY DECIMAL CLASSIFICATION NUMBER
Classification number 362.5/0973
100 1# - MAIN ENTRY--AUTHOR NAME
Personal name DiFazio, William.
245 10 - TITLE STATEMENT
Title Ordinary poverty
260 ## - PUBLICATION, DISTRIBUTION, ETC. (IMPRINT)
Place of publication Philadelphia, PA :
Name of publisher Temple University Press,
Year of publication 2006.
300 ## - PHYSICAL DESCRIPTION
Number of Pages xii, 220 p.
490 1# - SERIES STATEMENT
Series statement Labor in crisis
650 #0 - SUBJECT ADDED ENTRY--TOPICAL TERM
Topical Term Poverty
Topical Term Poor
Topical Term Social justice
856 40 - ELECTRONIC LOCATION AND ACCESS
Uniform Resource Identifier http://site.ebrary.com/lib/rucke/Doc?id=10182525

No items available.

© 2026 Rongo University
Contact us: librarian | system librarian | Rongo university